男子100m歴代Top10 世界/日本 -2025.9 - Statistics

General Stats
  • This quiz has been taken 37 times
    35 since last reset
  • The average score is 9 of 22
Answer Stats
Time Year Answer % Correct
9.58 2009 ウサイン・ボルト
100%
9.98 2017 桐生祥秀
88%
9.96 2024 サニブラウン・アブデル・ハキーム
78%
9.74 2015 ジャスティン・ガトリン
69%
9.95 2021 山縣亮太
69%
2019 小池祐貴
56%
10.01 2021 多田修平
56%
9.72 2008 アサファ・パウエル
53%
9.69 2009 タイソン・ゲイ
50%
2012 ヨハン・ブレーク
44%
9.75 2025 キシェーン・トンプソン
34%
10.00 1998 伊東浩司
34%
2025 オブリク・セヴィル
31%
9.76 2019 クリスチャン・コールマン
25%
2025 清水空跳
25%
10.02 2001 朝原宣治
25%
2022 フレッド・カーリー
19%
2025 守祐陽
16%
2022 坂井隆一郎
16%
2021 トレイボン・ブロメル
13%
2025 栁田大輝
13%
9.77 2021 ファーディナンド・オムルワ
3%
No matching quizzes found
Score Distribution
Percent of People with Each Score
Percentile by Number Answered
Your Score History
You have not taken this quiz since the last reset